'Gilmore Girls' Characters by Occupation Quiz Stats

 Plays Quiz Updated Feb 1, 2018

Challenge
Share
Tweet
Embed
Score 0/21 Timer 08:00
0 Plays Today
Occupation Character % Correct
Owner of a popular Stars Hollow dinerLuke Danes
96.1%
Former chef of the Independence Inn and Independence Catering Company; chef and co-owner of the Dragonfly InnSookie St. James
95.4%
Former assistant manager of the Independence Inn; assistant manager of the Dragonfly InnMichel Gerard
94.9%
Waitress and drummer of Hep AlienLane Kim
93.1%
Former manager of the Independence Inn; co-owner of the Dragonfly InnLorelai Gilmore
92.3%
Antique store ownerMrs. Kim
92%
Town selectman of Stars Hollow, owner of a market, owner of an old-fashioned soda shoppeTaylor Doose
91.4%
Assistant manager at a market, beauty supply shop cashier, movie theater employee, mailman... (to name a few)Kirk Gleason
91%
Former professional singer and dancer; dance instructor and owner of a dance studioMiss Patty
90.3%
Farmer and produce supplier, one-time town selectman of Stars HollowJackson Belleville
89.3%
Former Walmart employee; former waiter at a diner; author; organizer at Truncheon BooksJess Mariano
86.8%
Occupation Character % Correct
Former bag boy at a grocery store; construction workerDean Forester
86.4%
Former Chilton english teacher; English professor at Stanford UniversityMax Medina
85.5%
Employee at newspaper companies owned by his father in London and New YorkLogan Huntzberger
82%
Former intern at the Stamford Eagle Gazette; (elderly home?); reporter on Barack Obama's campaignRory Gilmore
81%
Executive vice president at Gurmon/Driscoll Insurance Corp.; international insurance consultantRichard Gilmore
78.1%
Waiter at a diner; singer and guitarist of Hep AlienZack Van Gerbig
73.6%
Renaissance fair jewelry makerLiz Danes
73.1%
Newspaper conglomerate CEOMitchum Huntzberger
54.3%
Former independent business owner; former consultant for a computer company; corporate restructurerChristopher Hayden
44.2%
Stars Hollow Elementary School 3rd grade teacherLulu Kuschner
43.9%

You're not logged in!

Compare scores with friends on all Sporcle quizzes.
OR
Log In

You Might Also Like...

Show Comments

Extras

Top Quizzes Today


Score Distribution

Your Account Isn't Verified!

In order to create a playlist on Sporcle, you need to verify the email address you used during registration. Go to your Sporcle Settings to finish the process.

Report this User

Report this user for behavior that violates our Community Guidelines.

Details: